Catfish and the Bottlemen Lyrics - Statistics

General Stats
  • This quiz has been taken 894 times
  • The average score is 18 of 22
Answer Stats
Answer % Correct
I'd love you but I need another year alone 7
95%
God I love it when you do that Cocoon
94%
Our dealer hates me you know Kathleen
89%
To every argument I let slide Twice
88%
But, babe, you know I've tried and failed Pacifier
86%
I wanna bring you home myself Hourglass
85%
Eyes rolled back guess we were living fast Tyrants
85%
If you've stop discussing names with me Anything
83%
Oh, Before you know I'll be carrying you over the threshold Glasgow
83%
See I'm not the type to call you up drunk Homesick
83%
You could fall asleep with my jacket as a cover Soundcheck
83%
I wanna recognise drunk you, honey Business
81%
Paid for all my cigarettes Emily
81%
Snog her in the kitchen Heathrow
81%
Can he do what I do for you? Red
81%
I told you from the start, I was always gonna to change Fallout
78%
And she's topping it all off Rango
76%
With a habit if fuelling my fix 26
75%
I've missed this...I was bound to Outside
73%
And your ex'll never call Postpone
73%
I loved you then, I love you now Oxygen
71%
Go ahead, girl, frustrate me Sidewinder
71%
No matching quizzes found
Score Distribution
Percent of People with Each Score
Percentile by Number Answered
Your Score History
You have not taken this quiz